00343 2200145 4500001002100000005001500021035002000036245005300056100001100109300001200120260003100132082000800163084001400171990001200185INLIS00000000000178120250506084850 a0010-05250000731 aKisah Legenda Malin Kundang /cFilyan dan Gibran0 aFilyan a128 hlm aSurabaya :bGemilang Utama a813 a813 FIL k a0754586